| 000 | 00381 a2200145 4500 | ||
|---|---|---|---|
| 005 | 20260314122707.0 | ||
| 020 | _a9781526421180 | ||
| 100 | _aCARROLL,M | ||
| 245 | _aUnderstanding Teaching and Learning in Primary Education | ||
| 250 | _a2nd Ed. | ||
| 260 |
_aLondon _bSAGE _c2018 |
||
| 300 |
_axxiii,395p;ill;charts,table _bIndex _c21cm |
||
| 700 | _aMCCULLOCH,M | ||
| 942 |
_2ddc _cBKS |
||
| 999 |
_c6837 _d6837 |
||